Normal view
MARC view
- Importance of being earnest - Criticism - Textual
Entry Topical Term
001 - CONTROL NUMBER
- control field: 2703
003 - CONTROL NUMBER IDENTIFIER
- control field: JO-AjAnu
005 - DATE AND TIME OF LATEST TRANSACTION
- control field: 20230606070739.0
008 - FIXED-LENGTH DATA ELEMENTS
- fixed length control field: 230606|| aca||aabn | a|a d
040 ## - CATALOGING SOURCE
- Original cataloging agency: JO-AjAnu
- Transcribing agency: JO-AjAnu
150 ## - HEADING--TOPICAL TERM
- Topical term or geographic name entry element: Importance of being earnest - Criticism - Textual
670 ## - SOURCE DATA FOUND
- Source citation: Work cat.: (JO-AjAnu)1415: Wilde, Oscar ؛ Edit by Rrussell Jackson, author 2702, THE NEW MERMAIDS: The Importance Of Being Earnest